000 00540nam a2200181 i 4500
001 149942
003 ES-MaACL
005 20231230063010.0
007 t|
008 071025s1957 sp |||| | spa d
100 1 _aValle, Adriano del,
_d1895-1957
_9112751
245 1 0 _aÉgloga de Gabriel Miró y Fábula del Peñón de Ifach /
_cAdriano del Valle.
246 3 0 _aFábula del Peñón de Ifach
260 _aMadrid :
_bÁgora,
_c1957.
300 _a35 p. ;
_c17 cm.
852 _aES-MaACL
_jC-14005
999 _c149942
_d149942